Introductory chemistry / (Record no. 13982)

000 -LEADER
fixed length control field 00475nam a2200181 a 4500
020 ## - INTERNATIONAL STANDARD BOOK NUMBER
ISBN 0395466253
040 ## - CATALOGING SOURCE
Transcribing agency DLC
082 00 - DEWEY DECIMAL CLASSIFICATION NUMBER
Classification number 540 HOU 1995 A057 Or.
100 1# - MAIN ENTRY--AUTHOR NAME
Personal name Ebbing, Darrell D.
245 10 - TITLE STATEMENT
Title Introductory chemistry /
260 ## - PUBLICATION, DISTRIBUTION, ETC. (IMPRINT)
Place of publication Boston :
Name of publisher Houghton Mifflin,
Year of publication c1995.
300 ## - PHYSICAL DESCRIPTION
Number of Pages 1 v. (various pagings) :
Other physical details col. ill. ;
Dimensions 26 cm.
500 ## - GENERAL NOTE
General note Includes index.
650 #0 - SUBJECT ADDED ENTRY--TOPICAL TERM
Topical Term Chemistry.
700 1# - ADDED ENTRY--PERSONAL NAME
Personal name Wentworth, R. A. D.
700 1# - ADDED ENTRY--PERSONAL NAME
Personal name Birk, James P.
942 ## - ADDED ENTRY ELEMENTS (KOHA)
Koha item type សៀវភៅភាសាអង់គ្លេស
952 ## - LOCATION AND ITEM INFORMATION (KOHA)
Withdrawn status [LOCAL, KOHA] 0
Holdings
Permanent Location Date acquired Koha item type Lost status Shelving location Barcode Current Location Full call number
Library Block A2017-10-04សៀវភៅភាសាអង់គ្លេស A057A21631Library Block A540 HOU 1995 A057 Or.
មជ្ឈមណ្ឌលឯការនៃសាកលវិទ្យាល័យភូមិន្ទកសិកម្មចំការដូង

Powered by Koha